<?xml version="1.0" encoding="UTF-8"?><?xml-stylesheet type="text/xsl" href="static/style.xsl"?><OAI-PMH xmlns="http://www.openarchives.org/OAI/2.0/" xmlns:xsi="http://www.w3.org/2001/XMLSchema-instance" xsi:schemaLocation="http://www.openarchives.org/OAI/2.0/ http://www.openarchives.org/OAI/2.0/OAI-PMH.xsd"><responseDate>2026-04-13T06:57:46Z</responseDate><request verb="GetRecord" identifier="oai:www.recercat.cat:2099.1/16626" metadataPrefix="marc">https://recercat.cat/oai/request</request><GetRecord><record><header><identifier>oai:recercat.cat:2099.1/16626</identifier><datestamp>2025-07-22T20:36:36Z</datestamp><setSpec>com_2072_1033</setSpec><setSpec>col_2072_452951</setSpec></header><metadata><record xmlns="http://www.loc.gov/MARC21/slim" xmlns:dcterms="http://purl.org/dc/terms/" xmlns:xsi="http://www.w3.org/2001/XMLSchema-instance" xmlns:doc="http://www.lyncode.com/xoai" xsi:schemaLocation="http://www.loc.gov/MARC21/slim http://www.loc.gov/standards/marcxml/schema/MARC21slim.xsd">
   <leader>00925njm 22002777a 4500</leader>
   <datafield ind2=" " ind1=" " tag="042">
      <subfield code="a">dc</subfield>
   </datafield>
   <datafield ind2=" " ind1=" " tag="720">
      <subfield code="a">Borrell González, Alejandro</subfield>
      <subfield code="e">author</subfield>
   </datafield>
   <datafield ind2=" " ind1=" " tag="260">
      <subfield code="c">2012-06</subfield>
   </datafield>
   <datafield ind2=" " ind1=" " tag="520">
      <subfield code="a">En mayo de 2009 se puso en funcionamiento el primer observatorio&#xd;
submarino cableado en España llamado OBSEA, que transmite datos&#xd;
recolectados del suelo marino en tiempo real a los laboratorios de sus dos&#xd;
creadoras (CSIC y UPC).&#xd;
El principal objetivo de este proyecto es el desarrollo de una aplicación&#xd;
informática capaz de manipular y transformar los datos recibidos por el&#xd;
observatorio para que estos sean entendibles e interpretables por parte de&#xd;
toda la comunidad científica, con el fin de conseguir una mayor difusión de&#xd;
los mismos.&#xd;
Para ello se necesita de una aplicación que cumpla con los requisitos&#xd;
necesarios para que se adapte a los diferentes tipos de datos, procedentes de&#xd;
los diferentes instrumentos que componen el observatorio, que se reciben y&#xd;
sea capaz de detectar, de forma automática, el tipo de dato que obtenemos&#xd;
en todo momento. Además, deberá tener una interfaz simple para facilitar la&#xd;
utilización de la aplicación al usuario.&#xd;
Con el fin de cumplir el objetivo principal de este proyecto, una vez se haya&#xd;
conseguido la creación de archivos contenedores de la información&#xd;
procedente del observatorio en formato estándar, se realizará la difusión de&#xd;
dicha información. Para ello, será necesario registrar el observatorio&#xd;
OBSEA en la red de sistemas de observación SeaDataNet, donde se irán&#xd;
añadiendo los archivos creados con la información que deseemos con el fin&#xd;
de que nuestros datos puedan ser consultados por el resto de usuarios,&#xd;
centros o laboratorios.</subfield>
   </datafield>
   <datafield tag="653" ind2=" " ind1=" ">
      <subfield code="a">Àrees temàtiques de la UPC::Informàtica::Aplicacions de la informàtica::Aplicacions informàtiques a la física i l‘enginyeria</subfield>
   </datafield>
   <datafield tag="653" ind2=" " ind1=" ">
      <subfield code="a">Àrees temàtiques de la UPC::Informàtica::Sistemes d'informació::Emmagatzematge i recuperació de la informació</subfield>
   </datafield>
   <datafield tag="653" ind2=" " ind1=" ">
      <subfield code="a">Information Systems</subfield>
   </datafield>
   <datafield tag="653" ind2=" " ind1=" ">
      <subfield code="a">NetCDF</subfield>
   </datafield>
   <datafield tag="653" ind2=" " ind1=" ">
      <subfield code="a">OBSEA</subfield>
   </datafield>
   <datafield tag="653" ind2=" " ind1=" ">
      <subfield code="a">Aplicación</subfield>
   </datafield>
   <datafield tag="653" ind2=" " ind1=" ">
      <subfield code="a">MySQL</subfield>
   </datafield>
   <datafield tag="653" ind2=" " ind1=" ">
      <subfield code="a">SeaDataNet</subfield>
   </datafield>
   <datafield tag="653" ind2=" " ind1=" ">
      <subfield code="a">Datos Oceanográficos</subfield>
   </datafield>
   <datafield tag="653" ind2=" " ind1=" ">
      <subfield code="a">Java</subfield>
   </datafield>
   <datafield tag="653" ind2=" " ind1=" ">
      <subfield code="a">Vocabularios Estandarizados</subfield>
   </datafield>
   <datafield tag="653" ind2=" " ind1=" ">
      <subfield code="a">CF-Conventions</subfield>
   </datafield>
   <datafield tag="653" ind2=" " ind1=" ">
      <subfield code="a">Dades -- Transmissió</subfield>
   </datafield>
   <datafield ind2="0" ind1="0" tag="245">
      <subfield code="a">Aplicación informática para la integración de los datos generados por el observatorio OBSEA en las redes de sistemes de observación.</subfield>
   </datafield>
</record></metadata></record></GetRecord></OAI-PMH>